[Event "It (open)"]
[Site "New York (USA)"]
[Round "0"]
[White "Dlugy Maxim (USA)"]
[Black "Suba Mihai (ROM)"]
[Result "1-0"]
[WhiteElo "2545"]
[BlackElo "2471"]

1.d4 Nf6 2.c4 e6 3.Nf3 c5 4.d5 d6 5.Nc3 exd5 6.cxd5 g6 7.Nd2 Bg7 8.e4 O-O
9.Be2 Na6 10.O-O Nc7 11.a4 b6 12.Nc4 Ba6 13.Bg5 Qd7 14.b3 Rfe8 15.Qc2 Bxc4
16.bxc4 Nxe4 17.Nxe4 Qf5 18.Bd3 Bxa1 19.Nxd6 Qxg5 20.Nxe8 Nxe8 21.Rxa1 Qe5
22.Rc1 Nd6 23.Qc3 Qxc3 24.Rxc3 Re8 25.Rc1 Kg7 26.f4 Kf6 27.Kf2 h6 28.Kf3 g5
29.Ra1 gxf4 30.Kxf4 Nb7 31.g4 Rg8 32.Re1 Nd6 33.h4 Nb7 34.Re3 Nd6 35.Be2 Nc8
36.Re5 Rd8 37.Bd3 Rg8 38.Rh5 Kg7 39.g5 Re8 40.Rxh6 Re1 41.d6 {#r} 1-0

[Event "Cup Tatran"]
[Site "Stary Smokovec (Slovakia)"]
[Round "0"]
[White "Priehoda Vitezslav (CZE)"]
[Black "Kindermann Stefan (AUT)"]
[Result "0-1"]
[WhiteElo "2388"]
[BlackElo "2519"]

1.d4 Nf6 2.c4 e6 3.Nf3 c5 4.d5 exd5 5.cxd5 d6 6.Nc3 g6 7.Nd2 Bg7 8.e4 O-O
9.Be2 Na6 10.O-O Nc7 11.a4 b6 12.Nc4 Ba6 13.Bg5 Qd7 14.b3 Rfe8 15.Bf3 h6
16.Bd2 Nh7 17.Bg4 Qe7 18.Re1 Bd4 19.Rc1 h5 20.Bf3 Rad8 21.Ne2 Bg7 22.Bc3 Ng5
23.Bxg7 Nxf3+ 24.gxf3 Kxg7 25.Qd2 Kh7 26.Kh1 Rf8 27.Rg1 b5 28.Na5 bxa4 29.bxa4
Rb8 30.Nc6 Qf6 31.Qc3 Qxc3 32.Nxc3 Rb2 33.Kg2 f5 34.Rb1 Rd2 35.Rgd1 Rc2
36.Rdc1 Rd2 37.Rd1 Rc2 38.Rbc1 Rb2 39.Rb1 Rc2 40.Rbc1 Rb2 41.e5 dxe5 42.d6 Ne6
43.Nxe5 h4 44.Nd5 Bb7 45.Kf1 Rd8 46.d7 Kg7 47.f4 h3 48.Ne7 Nd4 49.Rxc5 Bg2+
{#R} 0-1

[Event "It"]
[Site "Trnava (Slovakia)"]
[Round "0"]
[White "Mokry Karel (CZE)"]
[Black "Meduna Eduard (CZE)"]
[Result "1-0"]
[WhiteElo "2485"]
[BlackElo "2515"]

1.d4 Nf6 2.c4 e6 3.Nc3 c5 4.d5 exd5 5.cxd5 d6 6.e4 g6 7.Nf3 Bg7 8.Be2 O-O
9.Nd2 Na6 10.O-O Nc7 11.a4 b6 12.Re1 Rb8 13.Rb1 Re8 14.b3 a6 15.Qc2 b5 16.b4
cxb4 17.Rxb4 a5 18.Rxb5 Nxb5 19.Nxb5 Ba6 20.Ba3 Rc8 21.Qb1 Bh6 22.Nxd6 Bxd2
23.Bxa6 Rb8 24.Bb5 Bxe1 25.Qxe1 Re7 26.Bc6 Rb3 27.Bc5 Qb8 28.Bb5 Qc7 29.Bc6
Nxd5 30.Bxd5 Qxc5 31.Bxb3 Qxd6 32.Qxa5 Rb7 33.Qc3 Rc7 34.Qe1 Qb4 35.Qd1 Qxb3
{#r} 1-0

[Event "It"]
[Site "Baku (Azerbaijan)"]
[Round "0"]
[White "Palatnik Semon (USA)"]
[Black "Huzman Alexander (ISR)"]
[Result "0-1"]
[WhiteElo "2500"]
[BlackElo "2465"]

1.d4 Nf6 2.c4 e6 3.Nf3 c5 4.d5 d6 5.Nc3 exd5 6.cxd5 g6 7.Nd2 Bg7 8.e4 O-O
9.Be2 Na6 10.O-O Ne8 11.Nc4 f5 12.exf5 Bxf5 13.Bf4 b5 14.Ne3 Bd7 15.Bg3 Nac7
16.Qc2 b4 17.Ne4 Bf5 18.Bd3 Bxe4 19.Bxe4 Nb5 20.Nc4 Nf6 21.Bd3 Nh5 22.Rae1
Nxg3 23.hxg3 Nd4 24.Qd2 a5 25.Qd1 Ra7 26.Qg4 Raf7 27.Qh4 Qc7 28.Rd1 Nf5
29.Bxf5 Rxf5 30.Rd2 Bd4 31.b3 R8f6 32.Qe4 Qf7 33.Ne3 Re5 34.Qd3 Rxe3 {#R} 0-1

[Event "It (open)"]
[Site "Balatonbereny (Hungary)"]
[Round "1"]
[White "Peric Stevan Dr (SRB)"]
[Black "Huzman Alexander (ISR)"]
[Result "0-1"]
[WhiteElo "2210"]
[BlackElo "2465"]

1.d4 Nf6 2.Nf3 e6 3.c4 c5 4.d5 d6 5.Nc3 exd5 6.cxd5 g6 7.Nd2 Bg7 8.e4 O-O
9.Be2 Na6 10.O-O Ne8 11.Nc4 f5 12.exf5 Bxf5 13.Bf4 b5 14.Ne3 Bd7 15.Bg3 Nac7
16.Qc2 b4 17.Ne4 Bf5 18.f3 Bd4 19.Bf2 Bxe4 20.fxe4 Rxf2 21.Kxf2 Qh4+ 22.g3
Qxh2+ 23.Kf3 Ng7 24.Bd3 Rf8+ 25.Nf5 Qxc2 26.Bxc2 gxf5 27.Kg2 Bxb2 28.Rab1 Bd4
29.exf5 Nge8 {#R} 0-1

[Event "It \"]
[Site "Barcelona (Spain)"]
[Round "4"]
[White "Gual Pascual Antonio (ESP)"]
[Black "Cramling Pia (SWE)"]
[Result "1-0"]
[WhiteElo "2436"]
[BlackElo "2425"]

1.d4 Nf6 2.c4 e6 3.Nf3 c5 4.d5 d6 5.Nc3 exd5 6.cxd5 g6 7.e4 Bg7 8.Be2 O-O
9.Nd2 Na6 10.O-O Nc7 11.a4 Qe7 12.Re1 h5 13.h3 Nfe8 14.Ra3 Na6 15.Nc4 Nb4
16.Bf1 Bd7 17.Kh1 Rd8 18.Be3 b6 19.Qd2 Bc8 20.a5 Qb7 21.axb6 axb6 22.Nb5 Qb8
23.Bf4 Ba6 24.Nc3 Bxc4 25.Bxc4 Nc7 26.Bb5 Qb7 27.Rea1 Bxc3 28.bxc3 Nxb5 29.Ra4
Rfe8 30.f3 Ra8 31.cxb4 c4 32.Rxa8 Rxa8 33.Rc1 Rc8 34.Bg3 Qa7 35.e5 dxe5
36.Bxe5 Qe7 37.Re1 Kh7 38.Qf4 f5 39.Bc3 Qf7 40.Qg5 Rc7 41.Bd2 Qg7 42.Bf4 Rd7
43.d6 Na7 44.Re7 Rxe7 45.dxe7 Qf7 46.Qh6+ Kg8 47.Be5 {#r} 1-0

[Event "?"]
[Site "Berlin (Germany)"]
[Round "3"]
[White "Naumann Frank (GER)"]
[Black "Lukov Valentin (BUL)"]
[Result "0-1"]
[WhiteElo "2287"]
[BlackElo "2465"]

1.d4 Nf6 2.Nf3 c5 3.d5 e6 4.c4 d6 5.Nc3 exd5 6.cxd5 g6 7.e4 Bg7 8.Be2 O-O
9.Nd2 Na6 10.O-O Nc7 11.a4 Nd7 12.f4 f5 13.Nc4 Ne8 14.exf5 gxf5 15.Bd2 Ndf6
16.Qc2 Ng4 17.Bxg4 fxg4 18.Ne2 Bf5 19.Qb3 Qd7 20.Ng3 b6 21.Ne3 Bd4 22.Kh1 Ng7
23.Ngxf5 Nxf5 24.Nxg4 Qg7 25.Ne3 Nxe3 26.Bxe3 Bxb2 27.Rab1 Bf6 28.Rf3 Kh8
29.Rbf1 Rae8 30.Bd2 Re4 31.a5 Qb7 32.axb6 axb6 33.Rb1 b5 34.Bc3 b4 35.Bxf6+
Rxf6 36.f5 Qe7 37.Rbf1 Qe5 38.Qa2 c4 39.Qa8+ Qe8 40.Qb7 c3 41.h3 Qe7 42.Qc8+
Rf8 43.Qc6 Qf6 44.g4 Rg8 45.Rf4 Rxf4 46.Rxf4 b3 47.Rb4 c2 48.Ra4 Qb2 49.Rc4
Qa1+ 50.Kg2 b2 {#R} 0-1

[Event "It (cat.10)"]
[Site "Debrecen (Hungary)"]
[Round "6"]
[White "Lukacs Peter (HUN)"]
[Black "Szalanczy Emil (HUN)"]
[Result "1-0"]
[WhiteElo "2490"]
[BlackElo "2420"]

1.d4 c5 2.d5 Nf6 3.c4 e6 4.Nc3 exd5 5.cxd5 d6 6.Nf3 g6 7.Nd2 Bg7 8.e4 O-O
9.Be2 Na6 10.O-O Ne8 11.Re1 Rb8 12.Kh1 Bd7 13.f4 b5 14.a4 Nac7 15.axb5 Nxb5
16.Bxb5 Bxb5 17.e5 a6 18.Nf3 Rb7 19.Be3 Re7 20.Bf2 Bh6 21.Bg3 Ng7 22.Bh4 Bxf4
23.g3 g5 24.gxf4 gxh4 25.Ne4 f6 26.Nxf6+ Rxf6 27.exf6 Rxe1+ 28.Qxe1 Qxf6
29.Qxh4 Qxh4 30.Nxh4 Kf7 31.Kg1 Kf6 32.Kf2 Ne8 33.Ng2 Nc7 34.Ne3 Bd3 35.Rd1
Be4 36.Nc4 Bxd5 37.Nxd6 Ke6 38.Nc8 Nb5 39.Re1+ Kf6 40.Re5 Be6 41.Rxc5 Nd4
42.Nd6 {#r} 1-0

[Event "It (cat.10)"]
[Site "Debrecen (Hungary)"]
[Round "2"]
[White "Schneider Attila (HUN)"]
[Black "Tolnai Tibor (HUN)"]
[Result "1-0"]
[WhiteElo "2420"]
[BlackElo "2465"]

1.d4 Nf6 2.c4 e6 3.Nc3 c5 4.d5 exd5 5.cxd5 d6 6.Nf3 g6 7.Nd2 Bg7 8.e4 O-O
9.Be2 Na6 10.O-O Rb8 11.a4 Nb4 12.Nc4 a6 13.a5 Ne8 14.f4 Bd4+ 15.Be3 Bxe3+
16.Nxe3 f6 17.Ra3 Nc7 18.e5 fxe5 19.fxe5 Rxf1+ 20.Bxf1 dxe5 21.Bc4 Kg7 22.Ne4
Nb5 23.Bxb5 axb5 24.Nxc5 b6 25.axb6 Qxb6 26.Qc1 Kg8 27.Kh1 Qf6 28.Qd2 Qf4
29.d6 Qd4 30.Qc3 Bb7 31.Nxb7 Qe4 32.h3 Rxb7 33.d7 Nc6 34.Qxc6 Qxc6 35.d8=Q+
Kg7 36.Ra8 Rf7 {#r} 1-0

[Event "It"]
[Site "Hradec Kralove (Czech Republic)"]
[Round "0"]
[White "Prymula Roman (CZE)"]
[Black "Zilberstein David (ITA)"]
[Result "0-1"]
[WhiteElo "2255"]
[BlackElo "2500"]

1.d4 Nf6 2.Nf3 e6 3.c4 c5 4.d5 d6 5.Nc3 exd5 6.cxd5 g6 7.Nd2 Bg7 8.e4 O-O
9.Be2 Na6 10.O-O Ne8 11.Nc4 f5 12.exf5 Bxf5 13.Bf4 b5 14.Ne3 Bd7 15.Bg3 Nac7
16.Qc2 b4 17.Ne4 Bf5 18.Bd3 Bxe4 19.Bxe4 Nb5 20.Nc4 Nf6 21.Bd3 Nh5 22.Rae1 Nd4
23.Qd2 Nxg3 24.hxg3 a5 25.Qd1 Ra7 26.Qg4 Raf7 27.Qh4 Qc7 28.Rd1 Nf5 29.Bxf5
Rxf5 30.Rd2 a4 31.Qe4 Bd4 32.b3 axb3 33.axb3 R5f6 34.Ra2 Qf7 35.Ne3 Re8 36.Qd3
Rxe3 37.fxe3 Rxf1+ 38.Qxf1 Bxe3+ 39.Rf2 c4 {#R} 0-1

[Event "It"]
[Site "Hradec Kralove (Czech Republic)"]
[Round "0"]
[White "Stohl Igor (SVK)"]
[Black "Prymula Roman (CZE)"]
[Result "1-0"]
[WhiteElo "2524"]
[BlackElo "2255"]

1.d4 Nf6 2.c4 c5 3.d5 e6 4.Nc3 exd5 5.cxd5 d6 6.Nf3 g6 7.Nd2 Bg7 8.e4 O-O
9.Be2 Na6 10.O-O Ne8 11.Nc4 f5 12.exf5 Bxf5 13.Bf4 b5 14.Ne3 Bd7 15.Bg3 Nac7
16.Qd2 a5 17.Ne4 Bf5 18.Nxf5 Rxf5 19.Bg4 Rf8 20.Ng5 Qf6 21.Ne6 Rf7 22.Nxg7
Nxg7 23.Rfe1 Nf5 24.Bxf5 gxf5 25.Bf4 b4 26.Re3 Rg7 27.Rae1 a4 28.h4 a3 29.bxa3
Rxa3 30.Bg5 Qd4 31.Re8+ Nxe8 32.Rxe8+ Kf7 33.Qe2 Re3 34.Rxe3 {#r} 1-0

[Event "It (open)"]
[Site "Saint John (Canada)"]
[Round "0"]
[White "Dlugy Maxim (USA)"]
[Black "Tolnai Tibor (HUN)"]
[Result "1-0"]
[WhiteElo "2545"]
[BlackElo "2465"]

1.d4 Nf6 2.c4 e6 3.Nf3 c5 4.d5 exd5 5.cxd5 d6 6.Nc3 g6 7.Nd2 Bg7 8.e4 O-O
9.Be2 Na6 10.O-O Rb8 11.Kh1 Nc7 12.a4 b6 13.Rb1 Ba6 14.Bxa6 Nxa6 15.Nc4 Re8
16.f3 Nc7 17.Bf4 Bf8 18.Qd2 Nh5 19.Bg5 f6 20.Bh4 Be7 21.g4 Ng7 22.Bg3 Qd7
23.h3 Bf8 24.Qf4 Be7 25.Qd2 Bf8 26.f4 b5 27.axb5 Nxb5 28.e5 Nxc3 29.bxc3 Rxb1
30.Rxb1 fxe5 31.fxe5 Qa4 32.Qd3 dxe5 33.Bxe5 Rd8 34.Rf1 Qd7 35.d6 Qc6+ 36.Kg1
Qd7 37.Qd5+ Qe6 38.Qxc5 Rd7 39.Rf6 {#r} 1-0

[Event "Olympiad"]
[Site "Salonika (Greece)"]
[Round "0"]
[White "Wong Foong-Yin (SIN)"]
[Black "Fernandes Antonio (POR)"]
[Result "0-1"]
[WhiteElo "2292"]
[BlackElo "2409"]

1.d4 Nf6 2.Nf3 e6 3.c4 c5 4.d5 exd5 5.cxd5 d6 6.Nc3 g6 7.e4 Bg7 8.Nd2 O-O
9.Be2 Na6 10.O-O Qe7 11.Re1 Bd7 12.f4 Rfe8 13.h3 Rab8 14.Nf3 Nh5 15.Kh2 Bh6
16.g3 f6 17.Be3 b5 18.Bf2 Nc7 19.Nd2 Nxf4 20.gxf4 Bxf4+ 21.Kg2 f5 22.h4 b4
23.exf5 bxc3 24.bxc3 Rb2 25.Bf3 Qg7 26.Rxe8+ Nxe8 27.Nc4 gxf5+ 28.Kf1 Bb5
29.Qd3 Rd2 30.Qxd2 Bxd2 {#R} 0-1

[Event "It (open)"]
[Site "Bad Orb (Germany)"]
[Round "0"]
[White "Roeschlau Bernd (GER)"]
[Black "Szalanczy Emil (HUN)"]
[Result "1-0"]
[WhiteElo "2222"]
[BlackElo "2400"]

1.d4 Nf6 2.c4 c5 3.d5 e6 4.Nc3 exd5 5.cxd5 d6 6.Nf3 g6 7.Nd2 Bg7 8.e4 O-O
9.Be2 Na6 10.O-O Ne8 11.Nc4 f5 12.exf5 Bxf5 13.Bd2 Kh8 14.Qb3 Rb8 15.Nb5 Nac7
16.Nxa7 Nxd5 17.Rad1 Be6 18.Nb5 Nec7 19.Ncxd6 Nc3 20.Qxc3 Bxc3 21.Bxc3+ Kg8
22.Rfe1 Nxb5 23.Bxb5 Bxa2 24.g3 Qg5 25.Ne4 Qf5 26.Rd7 Rf7 27.Rxf7 Bxf7 28.Nf6+
Kg7 29.Nd7+ Kh6 30.Nxb8 Bd5 31.f4 c4 32.Bd7 Qf8 33.Re5 Bf7 34.g4 Qxb8 35.g5+
Kh5 36.h3 Qa7+ 37.Kg2 Bd5+ 38.Rxd5 Qe3 39.Re5 Qxf4 40.Bg4+ Kh4 41.Be1+ {#r}
1-0

[Event "It (open)"]
[Site "Bankja (Bulgaria)"]
[Round "1"]
[White "Juergens Vera (GER)"]
[Black "Markov Vesna (SRB)"]
[Result "0-1"]
[WhiteElo "2285"]
[BlackElo "2156"]

1.d4 Nf6 2.c4 c5 3.d5 e6 4.Nc3 exd5 5.cxd5 d6 6.Nf3 g6 7.Bg5 h6 8.Bh4 Bg7 9.e4
O-O 10.Be2 Bg4 11.O-O Bxf3 12.Bxf3 Nbd7 13.Be2 a6 14.a4 g5 15.Bg3 Qe7 16.Bd3
Ne5 17.Bc2 Nfd7 18.Re1 Rab8 19.Qe2 c4 20.Nd1 Nd3 21.Bxd3 cxd3 22.Qxd3 f5 23.f3
f4 24.Bf2 Ne5 25.Qe2 g4 26.Kh1 Qg5 27.Bd4 Rf7 {#R} 0-1

[Event "It (open) \"]
[Site "Budapest (Hungary)"]
[Round "0"]
[White "Lukacs Peter (HUN)"]
[Black "Horvath Tamas I (HUN)"]
[Result "1-0"]
[WhiteElo "2480"]
[BlackElo "2318"]

1.d4 c5 2.d5 Nf6 3.c4 e6 4.Nc3 exd5 5.cxd5 d6 6.Nf3 g6 7.Nd2 Bg7 8.e4 O-O
9.Be2 Na6 10.O-O Ne8 11.Nc4 f5 12.Bf4 g5 13.Bd2 f4 14.Nb5 Nac7 15.a4 Qe7
16.Re1 Bd7 17.Nxc7 Nxc7 18.Bc3 b5 19.Bxg7 Kxg7 20.axb5 Bxb5 21.e5 Bxc4 22.Bxc4
Rf5 23.Qa4 Rd8 24.Qc6 a6 25.e6 g4 26.Ra3 Rb8 27.b3 Rbf8 28.Bxa6 g3 29.f3 Nxd5
30.Bc4 Nb4 31.Qb6 gxh2+ 32.Kh1 Kh6 33.Ra7 Qh4 34.Rf1 Rg8 35.Qc7 Rg6 36.Qxh7+
Kg5 37.Qxh4+ Kxh4 38.Rh7+ Kg5 39.e7 Re5 40.Bf7 Rge6 41.Rh5+ {#r} 1-0

[Event "It (open)"]
[Site "Bussum (Netherlands)"]
[Round "0"]
[White "De Boer Gert-Jan (NED)"]
[Black "Riemersma Liafbern (NED)"]
[Result "1-0"]
[WhiteElo "2430"]
[BlackElo "2420"]

1.d4 Nf6 2.c4 e6 3.Nf3 c5 4.d5 exd5 5.cxd5 d6 6.Nc3 g6 7.Nd2 Bg7 8.e4 O-O
9.Be2 Na6 10.O-O Nc7 11.a4 b6 12.f3 Rb8 13.Nc4 Ba6 14.Bd2 Nh5 15.g4 Bd4+
16.Kh1 Ng7 17.Na3 Bxe2 18.Qxe2 a6 19.Nc4 f5 20.gxf5 gxf5 21.Qg2 Kh8 22.Ne2 Bf6
23.Rg1 b5 24.axb5 axb5 25.Na5 Qe8 26.Nc6 Rb7 27.Bc3 Bxc3 28.bxc3 Qf7 29.Nf4
fxe4 30.fxe4 Qd7 31.Raf1 Kg8 32.Nh5 Rxf1 33.Qxf1 Ne8 34.Rxg7+ {#r} 1-0

[Event "It (c)"]
[Site "Dortmund (Germany)"]
[Round "0"]
[White "Schuetz Thomas (GER)"]
[Black "Szalanczy Emil (HUN)"]
[Result "1-0"]
[WhiteElo "2310"]
[BlackElo "2400"]

1.d4 Nf6 2.c4 c5 3.d5 e6 4.Nc3 exd5 5.cxd5 d6 6.Nf3 g6 7.Nd2 Bg7 8.e4 O-O
9.Be2 Na6 10.O-O Ne8 11.Nc4 f5 12.f3 f4 13.Kh1 Rb8 14.a4 b6 15.Nb5 Rf7 16.Bd2
Nb4 17.Bxb4 cxb4 18.Qd2 a5 19.Nd4 Bxd4 20.Qxd4 Ba6 21.Nxd6 Bxe2 22.Nxf7 Kxf7
23.Rfe1 Ba6 24.e5 g5 25.d6 Kg6 26.d7 Ng7 27.Qd6+ Kh5 28.Qf6 Qxd7 29.Rad1 Qc7
30.Rd6 Kh4 31.Qh6+ Nh5 32.g3+ fxg3 33.hxg3+ Kxg3 34.Qxg5+ Kf2 35.Qe3+ Kg3
36.Rg1+ Kh3 37.f4+ Kh4 38.Qf2+ Kh3 39.Qh2# 1-0

[Event "It"]
[Site "Erfurt (Germany)"]
[Round "8"]
[White "Zlotnik Boris A (RUS)"]
[Black "Womacka Mathias (GER)"]
[Result "1-0"]
[WhiteElo "2433"]
[BlackElo "2459"]

1.d4 Nf6 2.Nf3 e6 3.c4 c5 4.d5 exd5 5.cxd5 d6 6.Nc3 g6 7.Nd2 Bg7 8.e4 O-O
9.Be2 Na6 10.O-O Nc7 11.a4 b6 12.Nc4 Ba6 13.Bg5 Qd7 14.Re1 h6 15.Bf4 Bxc4
16.Bxc4 a6 17.Bxd6 Qxd6 18.e5 Qd7 19.d6 Nce8 20.Qd3 Ng4 21.Qxg6 Nxe5 22.Rxe5
Nxd6 23.Bd5 Kh8 24.Qh5 Rae8 25.Rxe8 Rxe8 26.Rd1 Re5 27.Qf3 Qe7 28.Kf1 f5
29.Ne2 Ne4 30.g3 Qg5 31.Nf4 Re7 32.Bc4 Bd4 33.h4 Qg7 34.h5 Kh7 35.Ng6 Nxf2
36.Nxe7 Nxd1 37.Qxf5+ Kh8 38.Qc8+ {#r} 1-0

[Event "Ch Europe (team)"]
[Site "Haifa (Israel)"]
[Round "0"]
[White "Ftacnik Lubomir (SVK)"]
[Black "Gruenfeld Yehuda (ISR)"]
[Result "1-0"]
[WhiteElo "2550"]
[BlackElo "2530"]

1.d4 Nf6 2.c4 e6 3.Nf3 c5 4.d5 d6 5.Nc3 exd5 6.cxd5 g6 7.Nd2 Bg7 8.e4 O-O
9.Be2 Na6 10.O-O Ne8 11.Nc4 f5 12.Bf4 g5 13.Bd2 f4 14.Re1 Nac7 15.a4 Nf6 16.h3
Nce8 17.e5 dxe5 18.Nxe5 Nd6 19.Qb3 Bf5 20.Rad1 Kh8 21.Nb5 Nfe4 22.Nxd6 Qxd6
23.Nc4 Qh6 24.Bf3 Nxf2 25.Kxf2 Bd4+ 26.Kf1 g4 27.Bc3 gxh3 28.Rxd4 cxd4
29.Bxd4+ Kg8 30.Ne5 h2 31.Ke2 Qd6 32.Kd2 Rae8 33.g4 fxg3 34.Bg2 Qh6+ 35.Qe3
Qh4 36.d6 Be6 37.Nf3 Qh5 38.Qg5+ Qxg5+ 39.Nxg5 Bb3 40.Ne4 Re6 41.Re3 Bxa4
42.Rxg3+ Rg6 43.Rxg6+ hxg6 44.Nf6+ {#r} 1-0

[Event "It (open)"]
[Site "New York (USA)"]
[Round "0"]
[White "Donaldson-A Elena (USA)"]
[Black "Suba Mihai (ROM)"]
[Result "1-0"]
[WhiteElo "2430"]
[BlackElo "2500"]

1.d4 Nf6 2.c4 e6 3.Nf3 c5 4.d5 d6 5.Nc3 exd5 6.cxd5 g6 7.Nd2 Bg7 8.e4 O-O
9.Be2 Na6 10.O-O Nc7 11.a4 b6 12.Nc4 Ba6 13.f3 Qd7 14.Bd2 Bxc4 15.Bxc4 a6
16.Qe2 Rfb8 17.Rfb1 Qe7 18.b4 Nh5 19.g3 f5 20.bxc5 Bd4+ 21.Kg2 bxc5 22.exf5
Qg7 23.Qd3 gxf5 24.Rxb8+ Rxb8 25.Rb1 Rxb1 26.Qxb1 Qd7 27.Bd3 Ng7 28.Qb3 Nge8
29.Ne2 Be5 30.Nf4 Nf6 31.Ne6 Ncxd5 32.Bxf5 Qc8 33.Qc4 Kh8 34.Qh4 Ne7 35.Bg5
Nxf5 36.Bxf6+ Kg8 37.Qg5+ Kf7 38.Nd8+ Kf8 39.Bxe5 dxe5 40.Qf6+ Ke8 41.Nf7 Qd7
42.Qxf5 Qxf7 43.Qc8+ Ke7 44.Qxc5+ Kf6 45.Qd6+ {#r} 1-0

[Event "Cup World (open)"]
[Site "Palma de Majorca (Spain)"]
[Round "0"]
[White "Damljanovic Branko (SRB)"]
[Black "Magerramov Elmar (AZE)"]
[Result "1-0"]
[WhiteElo "2555"]
[BlackElo "2470"]

1.d4 Nf6 2.c4 e6 3.Nf3 c5 4.d5 exd5 5.cxd5 d6 6.Nc3 g6 7.Nd2 Bg7 8.e4 O-O
9.Be2 Na6 10.O-O Ne8 11.Nc4 f5 12.exf5 Bxf5 13.Be3 Nac7 14.a4 Qe7 15.Qd2 Rd8
16.Rad1 Qf7 17.Rfe1 a6 18.Nb6 Nf6 19.Bg5 Na8 20.Nc4 Nc7 21.Qf4 Qd7 22.Ne3 Rde8
23.Nxf5 gxf5 24.Bd3 Ng4 25.Rxe8 Nxe8 26.h3 Ne5 27.Bc2 Nc7 28.Ne2 Qf7 29.Qg3
Kh8 30.Nf4 Ng6 31.Nxg6+ hxg6 32.Qh4+ Kg8 33.b4 Bd4 34.bxc5 dxc5 35.d6 Ne6
36.Bb3 b5 37.axb5 axb5 38.Bd5 Re8 39.Re1 {#r} 1-0

[Event "It (active)"]
[Site "Philadelphia (USA)"]
[Round "0"]
[White "Kamsky Gata (USA)"]
[Black "Psakhis Lev (ISR)"]
[Result "1-0"]
[WhiteElo "2345"]
[BlackElo "2565"]

1.d4 e6 2.c4 Nf6 3.Nf3 c5 4.d5 d6 5.Nc3 exd5 6.cxd5 g6 7.e4 Bg7 8.Nd2 O-O
9.Be2 Na6 10.O-O Nc7 11.a4 b6 12.Nc4 Ba6 13.f3 Qd7 14.Na3 Bxe2 15.Qxe2 Rfe8
16.Qc2 Qe7 17.Bd2 Nd7 18.Rab1 Rac8 19.Ncb5 Nxb5 20.axb5 Rf8 21.Rbe1 Nf6 22.Nc4
Ne8 23.f4 Qd7 24.Qb3 Nc7 25.Na3 Rce8 26.f5 Bd4+ 27.Kh1 f6 28.fxg6 hxg6 29.Qg3
Kg7 30.Nc4 Nxb5 31.Bf4 Be5 32.Ne3 Nd4 33.Ng4 {#r} 1-0

[Event "Ch Yugoslavia"]
[Site "Pljevlja (Bosnia & Herzegovina)"]
[Round "12"]
[White "Maksimovic Branimir (SRB)"]
[Black "Cabrilo Goran (SRB)"]
[Result "1-0"]
[WhiteElo "2455"]
[BlackElo "2454"]

1.d4 e6 2.c4 Nf6 3.Nf3 c5 4.d5 exd5 5.cxd5 d6 6.Nc3 g6 7.Nd2 Bg7 8.e4 O-O
9.Be2 Na6 10.O-O Nc7 11.a4 b6 12.Nc4 Ba6 13.Bf4 Bxc4 14.Bxc4 a6 15.Re1 Nh5
16.Bc1 Re8 17.Bf1 Qd7 18.Qd3 Rab8 19.h3 b5 20.axb5 axb5 21.Ra7 c4 22.Qd1 Ra8
23.Nxb5 Qxb5 24.Rxc7 Bxb2 25.Qf3 Rf8 26.Rxc4 Qa5 27.Rd1 Be5 28.Bh6 Ng7 29.Rdc1
Rae8 30.Qd3 f5 31.exf5 Rxf5 32.Rc8 Rff8 33.Rxe8 Rxe8 34.Qb5 Qd8 35.Be3 Nf5
36.Bg5 Qa8 37.Qd7 Rf8 38.Rc7 Ng7 39.Be3 Qa1 40.Rc8 Qd1 41.Bg5 h5 42.Rxf8+ Kxf8
43.Qd8+ Kf7 44.Be7 g5 45.Bxd6 Qxd5 46.Qe7+ {#r} 1-0

[Event "Ch Spain"]
[Site "Spain"]
[Round "6"]
[White "Bernal Moro Luis Javier (ESP)"]
[Black "Outerelo Ucha Manuel (ESP)"]
[Result "0-1"]
[WhiteElo "2431"]
[BlackElo "2197"]

1.d4 Nf6 2.c4 c5 3.d5 e6 4.Nc3 exd5 5.cxd5 d6 6.Nf3 g6 7.Nd2 Bg7 8.e4 O-O
9.Be2 Na6 10.O-O Nc7 11.a4 b6 12.Nc4 Ba6 13.Bg5 h6 14.Bf4 Nh5 15.Bd2 f5
16.exf5 Rxf5 17.Ne3 Bxe2 18.Nxe2 Rf7 19.Qc2 Kh7 20.Ra3 Qe7 21.b4 Raf8 22.bxc5
bxc5 23.Rb3 Nxd5 24.Ng3 Nxg3 25.hxg3 Nf6 26.Bc3 Qe4 27.Qa2 d5 28.Ba1 d4 29.Nc4
Qd5 30.Qc2 Ne4 31.f3 Nxg3 32.Re1 Nf5 33.Qd3 Nd6 34.Rc1 Qg5 35.Qd1 Nf5 36.Qd2
Qg3 37.f4 Qxb3 {#R} 0-1

[Event "It (open)"]
[Site "Warsaw (Poland)"]
[Round "0"]
[White "Zlotnik Boris A (RUS)"]
[Black "Romanishin Oleg M (UKR)"]
[Result "1-0"]
[WhiteElo "2433"]
[BlackElo "2515"]

1.d4 Nf6 2.Nf3 e6 3.c4 c5 4.d5 d6 5.Nc3 exd5 6.cxd5 g6 7.Nd2 Bg7 8.e4 O-O
9.Be2 Na6 10.O-O Rb8 11.a4 Nb4 12.Nc4 b6 13.Bf4 Ba6 14.Nxd6 Bxe2 15.Nxe2 Qe7
16.Nc3 Rbd8 17.Re1 Ne8 18.Nc4 Qb7 19.Bg3 a6 20.Kh1 Bd4 21.f3 Ng7 22.Bh4 f6
23.Ne2 g5 24.Bg3 Nh5 25.Bd6 Bxb2 26.Rb1 Rxd6 27.Nxd6 Qd7 28.Nc4 Be5 29.Qd2 Qg7
30.Nxb6 Qg6 31.g4 Nf4 32.Ng3 Qh6 33.Rf1 Nbd3 34.Rb3 Ne2 35.Qxe2 Bxg3 36.Rxd3
{#r} 1-0

[Event "It (open)"]
[Site "Werfen (Austria)"]
[Round "5"]
[White "Hager Franz (AUT)"]
[Black "Palkovi Jozsef (HUN)"]
[Result "0-1"]
[WhiteElo "2224"]
[BlackElo "2439"]

1.d4 Nf6 2.c4 e6 3.Nf3 c5 4.d5 exd5 5.cxd5 d6 6.Nc3 g6 7.e4 Bg7 8.Nd2 O-O
9.Be2 Na6 10.O-O Ne8 11.f4 f5 12.Kh1 fxe4 13.Ndxe4 Rb8 14.a4 Nb4 15.Ra3 Kh8
16.g4 b6 17.Rb3 Rb7 18.Be3 Re7 19.Qd2 Nxd5 20.Nxd5 Rxe4 21.a5 Nf6 22.Bf3 Bxg4
23.Bxe4 Nxe4 24.Qg2 Bf5 25.axb6 axb6 26.Rd1 Re8 27.Kg1 Qh4 28.Rxb6 Bh3 29.Qc2
Qg4+ 30.Kh1 Nf2+ {#R} 0-1

[Event "It \"]
[Site "Budapest (Hungary)"]
[Round "11"]
[White "Sinkovics Peter (HUN)"]
[Black "Gocheva Rumiana B (BUL)"]
[Result "1-0"]
[WhiteElo "2317"]
[BlackElo "2152"]

1.d4 Nf6 2.Nf3 c5 3.d5 e6 4.c4 exd5 5.cxd5 d6 6.Nc3 g6 7.Nd2 Na6 8.e4 Bg7
9.Be2 O-O 10.O-O Nc7 11.a4 b6 12.Nc4 Ba6 13.Bg5 Bxc4 14.Bxc4 a6 15.Qd3 h6
16.Bh4 g5 17.Bg3 Nh5 18.Rab1 Qf6 19.e5 dxe5 20.d6 Rad8 21.Rbd1 Nf4 22.Bxf4
exf4 23.Bxa6 Nxa6 24.Qxa6 f3 25.Qxb6 fxg2 26.Rfe1 c4 27.Qc7 Qf4 28.Nd5 Qg4
29.Ne3 Qf4 30.Qxc4 Bxb2 31.Qxf4 gxf4 32.Nxg2 f3 33.Nh4 Rd7 34.Re3 Ra8 35.Re4
Ra6 36.Nf5 h5 37.Rd3 Bf6 38.Rxf3 Kh7 39.Rd3 Kg6 40.Rd5 Kh7 41.Kf1 Rda7 42.d7
Ra5 43.Rxa5 Rxa5 44.Ne7 Bxe7 45.Rxe7 Rd5 46.a5 {#r} 1-0

[Event "It (open)"]
[Site "Leningrad (Russia)"]
[Round "0"]
[White "Zakharevich Igor (RUS)"]
[Black "Solozhenkin Evgeniy (RUS)"]
[Result "1-0"]
[WhiteElo "2447"]
[BlackElo "2489"]

1.d4 Nf6 2.c4 e6 3.Nf3 c5 4.d5 exd5 5.cxd5 d6 6.Nc3 g6 7.Nd2 Na6 8.e4 Nc7
9.Be2 Bg7 10.O-O O-O 11.f4 Rb8 12.a4 a6 13.a5 Re8 14.Bf3 Nb5 15.Re1 h5 16.Nc4
Bg4 17.Qd3 Nd4 18.Bd2 Bxf3 19.gxf3 h4 20.Kh1 Qd7 21.f5 gxf5 22.Rg1 Kh8 23.Qe3
Nh7 24.Rxg7 Kxg7 25.Qh6+ Kh8 26.Bg5 Kg8 27.Rg1 {#r} 1-0

[Event "It (open)"]
[Site "Rome (Italy)"]
[Round "0"]
[White "Komnenic Branko (SRB)"]
[Black "Suba Mihai (ROM)"]
[Result "0-1"]
[WhiteElo "2298"]
[BlackElo "2520"]

1.d4 Nf6 2.c4 e6 3.Nf3 c5 4.d5 d6 5.Nc3 exd5 6.cxd5 g6 7.Nd2 Bg7 8.e4 O-O
9.Be2 Na6 10.O-O Nc7 11.a4 b6 12.Nc4 Ba6 13.Bg5 Qd7 14.f3 Kh8 15.Kh1 Ng8
16.Bf4 Bxc4 17.Bxc4 a6 18.Qe2 Rfe8 19.Rfe1 h6 20.Qf1 g5 21.Bg3 Nf6 22.Bf2 Nh7
23.Bg1 Nf8 24.g3 Ng6 25.Nd1 b5 26.Bd3 Ne7 27.Re2 c4 28.Bb1 Rec8 29.Ne3 Ne8
30.Nf5 Nxf5 31.exf5 b4 32.Be4 c3 33.b3 Nf6 34.Rc2 a5 35.Qd3 Qb7 36.Bd4 Nd7
37.Kg2 Qa6 38.Qe3 Bxd4 39.Qxd4+ f6 40.h4 Qa7 41.Qd1 Nc5 42.Re2 gxh4 43.Bc2 Re8
44.Re6 Qg7 45.g4 Qg5 46.Qe2 Nxe6 47.fxe6 Qxd5 {#R} 0-1